[Event "HUN-chT2 Maroczy 1718"]
[Site "Hungary"]
[Date "2017.10.29"]
[Round "1.5"]
[White "Jesenski, Tibor"]
[Black "Kovacs, Adrian"]
[Result "0-1"]
[WhiteElo "2301"]
[BlackElo "2226"]
[PlyCount "112"]
[EventDate "2017.10.29"]
[EventType "team-tourn"]
[EventRounds "9"]
[EventCountry "HUN"]
[SourceTitle "EXT 2021"]
[Source "ChessBase"]
[SourceDate "2020.10.23"]
[SourceVersion "1"]
[SourceVersionDate "2020.10.23"]
[SourceQuality "1"]
[WhiteTeam "Szeged Maroczy"]
[BlackTeam "Toth Laszlo"]
[WhiteTeamCountry "HUN"]
[BlackTeamCountry "HUN"]

1. d4 Nf6 2. Nf3 c5 3. d5 b5 4. c4 g6 5. cxb5 a6 6. bxa6 Bxa6 7. Nc3 d6 8. g3 Nbd7 9. Bg2 Bg7 10. 0-0 Nb6 11. Re1 0-0 12. h3 Nfd7 13. Nd2 Ne5 14. Qc2 Nbc4 15. Nxc4 Nxc4 16. Rb1 Qa5 17. Bd2 Rfb8 18. Rec1 Qb4 19. a4 Nxd2 20. Qxd2 Bc4 21. Qe3 Rb7 22. Be4 Bb3 23. Bc2 Bxc2 24. Rxc2 Bxc3 25. Qxc3 Qxc3 26. Rxc3 Rxa4 27. e3 Rab4 28. Rc2 Rb3 29. Rd2 Kg7 30. Kf1 Kf6 31. Ke2 Ke5 32. f3 R7b4 33. Kf2 c4 34. f4+ Kf6 35. Rc1 Rxb2 36. Rxb2 Rxb2+ 37. Kf3 Rb4 38. Rc3 e6 39. Ke4 Rb5 40. dxe6 fxe6 41. Kd4 d5 42. g4 Rb1 43. e4 Rd1+ 44. Kc5 Rd3 45. g5+ Ke7 46. Rc1 c3 47. e5 d4 48. Kc6 c2 49. Kc5 Kd7 50. h4 Kc7 51. f5 exf5 52. e6 Rd2 53. e7 Kd7 54. e8Q+ Kxe8 55. Kd6 d3 56. Ra1 Re2 0-1

[Event "HUN-chT2 Maroczy 1516"]
[Site "Hungary"]
[Date "2016.02.28"]
[Round "6.7"]
[White "Mayer, Istvan"]
[Black "Kovacs, Adrian"]
[Result "1-0"]
[WhiteElo "2071"]
[BlackElo "2232"]
[PlyCount "73"]
[EventDate "2015.10.18"]
[EventType "team-tourn"]
[EventRounds "9"]
[EventCountry "HUN"]
[SourceTitle "EXT 2017"]
[Source "ChessBase"]
[SourceDate "2016.10.25"]
[SourceVersion "1"]
[SourceVersionDate "2016.10.25"]
[SourceQuality "1"]
[WhiteTeam "Szigetszentmiklos"]
[BlackTeam "Toth Laszlo"]
[WhiteTeamCountry "HUN"]
[BlackTeamCountry "HUN"]

1. e4 c5 2. Nf3 e6 3. d4 cxd4 4. Nxd4 a6 5. c4 Nf6 6. f3 Nc6 7. Nc3 Qc7 8. Be3 Nxd4 9. Qxd4 Bd6 10. g4 Bf4 11. 0-0-0 0-0 12. Kb1 Rd8 13. h4 Rb8 14. h5 h6 15. g5 hxg5 16. h6 b6 17. hxg7 Kxg7 18. Bxf4 Qxf4 19. Bd3 d6 20. Rdg1 Rg8 21. Ne2 Qe5 22. Rxg5+ Qxg5 23. Rg1 Qxg1+ 24. Nxg1 Bb7 25. Ne2 Rgd8 26. Ng3 e5 27. Qe3 Kf8 28. Nf5 Bc8 29. Qh6+ Ke8 30. Qxf6 Bxf5 31. exf5 Rbc8 32. Qg7 Rc7 33. f6 Kd7 34. Qxf7+ Kc8 35. Qd5 Kb8 36. Be4 Ra7 37. Qc6 1-0

[Event "HUN-chT2 Maroczy 1516"]
[Site "Hungary"]
[Date "2015.11.29"]
[Round "3.7"]
[White "Kovacs, Adrian"]
[Black "Havasi, Janos"]
[Result "1-0"]
[WhiteElo "2232"]
[BlackElo "2149"]
[PlyCount "33"]
[EventDate "2015.10.18"]
[EventType "team-tourn"]
[EventRounds "9"]
[EventCountry "HUN"]
[SourceTitle "CBM 170 Extra"]
[Source "ChessBase"]
[SourceDate "2016.02.25"]
[SourceVersion "1"]
[SourceVersionDate "2016.02.25"]
[SourceQuality "1"]
[WhiteTeam "Toth Laszlo"]
[BlackTeam "Vasas"]
[WhiteTeamCountry "HUN"]
[BlackTeamCountry "HUN"]

1. c4 e5 2. g3 Nc6 3. Bg2 g6 4. Nc3 Bg7 5. Nf3 d6 6. d3 h6 7. Rb1 Be6 8. b4 Qc8 9. b5 Nce7 10. Qa4 Bd7 11. Ba3 a6 12. Qb3 b6 13. Nd2 Rb8 14. bxa6 Qxa6 15. Nb5 Qc8 16. Bxd6 Bxb5 17. Qxb5+ 1-0

[Event "HUN-chT2 Maroczy 1415"]
[Site "Hungary"]
[Date "2015.02.08"]
[Round "6"]
[White "Haszon, David"]
[Black "Kovacs, Adrian"]
[Result "1/2-1/2"]
[WhiteElo "2253"]
[BlackElo "2229"]
[PlyCount "137"]
[EventDate "2014.10.12"]
[EventType "team-tourn"]
[EventRounds "9"]
[EventCountry "HUN"]
[SourceTitle "EXT 2016"]
[Source "ChessBase"]
[SourceDate "2015.10.08"]
[SourceVersion "1"]
[SourceVersionDate "2015.10.08"]
[SourceQuality "1"]
[WhiteTeam "Kobanya Aquarena"]
[BlackTeam "TLSE"]
[WhiteTeamCountry "HUN"]
[BlackTeamCountry "HUN"]

1. e4 c5 2. Nf3 e6 3. d4 cxd4 4. Nxd4 a6 5. Bd3 Nf6 6. c4 d6 7. Nc3 Nbd7 8. 0-0 Qc7 9. Qe2 Be7 10. Be3 b6 11. f3 Bb7 12. Rac1 Rc8 13. Rfd1 Qb8 14. Bc2 Ne5 15. Ba4+ Nfd7 16. Bxd7+ Nxd7 17. Nc2 0-0 18. Bd4 Rfe8 19. Qf1 Bg5 20. Be3 Bf6 21. Na3 Bd8 22. Qf2 Bc7 23. h3 Ba8 24. Rc2 Nf6 25. Rcd2 Bc6 26. Nc2 Ba8 27. Bf4 e5 28. Bg5 Nd7 29. Nb4 Nc5 30. Be3 Bb7 31. Ncd5 a5 32. Nxc7 Qxc7 33. Nd5 Bxd5 34. Rxd5 Re6 35. Qd2 Rd8 36. a3 a4 37. Qb4 Ra8 38. Bxc5 bxc5 39. Qd2 Ra6 40. f4 exf4 41. e5 f3 42. Rxd6 h5 43. Rd8+ Kh7 44. Qd3+ Rg6 45. Qxf3 Qxe5 46. R8d5 Qxb2 47. Rxh5+ Rh6 48. Rxh6+ Rxh6 49. Qf5+ Rg6 50. Qh5+ Rh6 51. Qxc5 Qe2 52. Rf1 Rh5 53. Qd4 Rg5 54. Rf2 Qe1+ 55. Kh2 f6 56. c5 Qc1 57. Qe4+ Kh6 58. Qh4+ Kg6 59. Qxa4 Qxc5 60. Qc2+ Qxc2 61. Rxc2 Ra5 62. Rc3 Kf5 63. Kg3 Kg5 64. Kf2 f5 65. Ke2 Kh4 66. Kd2 g5 67. Kc2 f4 68. Kb3 Rb5+ 69. Ka2 1/2-1/2

[Event "HUN-chT2 Maroczy 1415"]
[Site "Hungary"]
[Date "2014.10.12"]
[Round "1"]
[White "Bartos, Tamas"]
[Black "Kovacs, Adrian"]
[Result "1/2-1/2"]
[WhiteElo "2187"]
[BlackElo "2229"]
[PlyCount "23"]
[EventDate "2014.10.12"]
[EventType "team-tourn"]
[EventRounds "9"]
[EventCountry "HUN"]
[SourceTitle "EXT 2016"]
[Source "ChessBase"]
[SourceDate "2015.10.08"]
[SourceVersion "1"]
[SourceVersionDate "2015.10.08"]
[SourceQuality "1"]
[WhiteTeam "Maroczy"]
[BlackTeam "TLSE"]
[WhiteTeamCountry "HUN"]
[BlackTeamCountry "HUN"]

1. d4 c5 2. d5 Nf6 3. c4 b5 4. cxb5 a6 5. bxa6 g6 6. Nc3 Bxa6 7. Nf3 d6 8. e4 Bxf1 9. Kxf1 Nbd7 10. g3 Bg7 11. Kg2 0-0 12. Re1 1/2-1/2

[Event "HUN-chT2 Maroczy 1314"]
[Site "Hungary"]
[Date "2014.04.27"]
[Round "11"]
[White "Kovacs, Adrian"]
[Black "Kahn, Evarth"]
[Result "1/2-1/2"]
[WhiteElo "2243"]
[BlackElo "2249"]
[PlyCount "23"]
[EventDate "2013.09.08"]
[EventType "team-tourn"]
[EventRounds "11"]
[EventCountry "HUN"]
[SourceTitle "EXT 2016"]
[Source "ChessBase"]
[SourceDate "2015.10.08"]
[SourceVersion "1"]
[SourceVersionDate "2015.10.08"]
[SourceQuality "1"]
[WhiteTeam "Toth Laszlo"]
[BlackTeam "Szigetszentmiklos"]
[WhiteTeamCountry "HUN"]
[BlackTeamCountry "HUN"]

1. c4 Nf6 2. Nf3 g6 3. g3 Bg7 4. Bg2 0-0 5. Nc3 c6 6. 0-0 d5 7. cxd5 cxd5 8. d4 Ne4 9. Nxe4 dxe4 10. Ng5 Qxd4 11. Qxd4 Bxd4 12. Bxe4 1/2-1/2

[Event "HUN-chT2 Maroczy 1314"]
[Site "Hungary"]
[Date "2014.03.02"]
[Round "8"]
[White "Urhegyi, Marton"]
[Black "Kovacs, Adrian"]
[Result "1/2-1/2"]
[WhiteElo "2094"]
[BlackElo "2243"]
[PlyCount "25"]
[EventDate "2013.09.08"]
[EventType "team-tourn"]
[EventRounds "11"]
[EventCountry "HUN"]
[SourceTitle "EXT 2016"]
[Source "ChessBase"]
[SourceDate "2015.10.08"]
[SourceVersion "1"]
[SourceVersionDate "2015.10.08"]
[SourceQuality "1"]
[WhiteTeam "Budapest Kobanya"]
[BlackTeam "Toth Laszlo"]
[WhiteTeamCountry "HUN"]
[BlackTeamCountry "HUN"]

1. e4 c5 2. c3 Nf6 3. e5 Nd5 4. g3 Qc7 5. Nf3 Nc6 6. Qe2 d6 7. exd6 Qxd6 8. Bg2 g6 9. 0-0 Bg7 10. Na3 Nc7 11. d3 0-0 12. Bf4 Qd8 13. Be3 1/2-1/2

[Event "HUN-chT2 Maroczy 1314"]
[Site "Hungary"]
[Date "2013.11.17"]
[Round "5"]
[White "Kovacs, Adrian"]
[Black "Havasi, Janos"]
[Result "1-0"]
[WhiteElo "2243"]
[BlackElo "2187"]
[PlyCount "59"]
[EventDate "2013.09.08"]
[EventType "team-tourn"]
[EventRounds "11"]
[EventCountry "HUN"]
[SourceTitle "EXT 2016"]
[Source "ChessBase"]
[SourceDate "2015.10.08"]
[SourceVersion "1"]
[SourceVersionDate "2015.10.08"]
[SourceQuality "1"]
[WhiteTeam "Toth Laszlo"]
[BlackTeam "Budapest Vasas"]
[WhiteTeamCountry "HUN"]
[BlackTeamCountry "HUN"]

1. c4 Nf6 2. Nf3 g6 3. Nc3 Bg7 4. g3 0-0 5. Bg2 d6 6. Rb1 c6 7. b4 d5 8. cxd5 Nxd5 9. Nxd5 Qxd5 10. Rb3 Nd7 11. Bb2 Bxb2 12. Rxb2 a5 13. a3 axb4 14. axb4 Nb6 15. 0-0 Rd8 16. d3 Qb5 17. Qc1 Qh5 18. b5 c5 19. Rc2 Rd5 20. e4 Rxd3 21. Rxc5 f5 22. Ne5 Rd8 23. Bf3 Qh3 24. Qg5 Kf8 25. Rc7 Bd7 26. Qe3 fxe4 27. Bxe4 Bf5 28. Bg2 Nd5 29. Bxd5 Rxd5 30. Nxg6+ 1-0

[Event "HUN-chT2 Maroczy 1314"]
[Site "Hungary"]
[Date "2013.10.20"]
[Round "3"]
[White "Halak, Miklos"]
[Black "Kovacs, Adrian"]
[Result "1-0"]
[WhiteElo "2150"]
[BlackElo "2243"]
[PlyCount "67"]
[EventDate "2013.09.08"]
[EventType "team-tourn"]
[EventRounds "11"]
[EventCountry "HUN"]
[SourceTitle "EXT 2016"]
[Source "ChessBase"]
[SourceDate "2015.10.08"]
[SourceVersion "1"]
[SourceVersionDate "2015.10.08"]
[SourceQuality "1"]
[WhiteTeam "Lila Futo"]
[BlackTeam "Toth Laszlo"]
[WhiteTeamCountry "HUN"]
[BlackTeamCountry "HUN"]

1. e4 c5 2. c3 Nf6 3. e5 Nd5 4. d4 cxd4 5. Nf3 e6 6. cxd4 d6 7. Nc3 Nxc3 8. bxc3 Qc7 9. Bd2 Nd7 10. exd6 Bxd6 11. Bd3 b6 12. 0-0 Bb7 13. Re1 Bf4 14. Ne5 Bxd2 15. Qxd2 Nxe5 16. Rxe5 0-0 17. Rae1 Rad8 18. Rh5 g6 19. Qh6 f5 20. Rh3 Rfe8 21. Bb5 Re7 22. Rhe3 Rd5 23. Ba4 Rd6 24. Bb3 Qd7 25. h4 Qe8 26. Qf4 Qd7 27. h5 g5 28. Qxf5 Bd5 29. Qf6 Rf7 30. Qh6 e5 31. Qxg5+ Rg7 32. Qxe5 Rxg2+ 33. Kf1 Qf7 34. Qe8+ 1-0

[Event "HUN-chT2 Toth 1213"]
[Site "Hungary"]
[Date "2013.02.17"]
[Round "7.3"]
[White "Kovacs, Adrian"]
[Black "Mike, Peter"]
[Result "0-1"]
[WhiteElo "2228"]
[BlackElo "2052"]
[PlyCount "78"]
[EventDate "2012.09.16"]
[EventType "team-tourn"]
[EventRounds "11"]
[EventCountry "HUN"]
[SourceTitle "EXT 2014"]
[Source "ChessBase"]
[SourceDate "2013.11.20"]
[SourceVersion "1"]
[SourceVersionDate "2013.11.20"]
[SourceQuality "1"]
[WhiteTeam "Toth Laszlo II"]
[BlackTeam "Maroczy II"]
[WhiteTeamCountry "HUN"]
[BlackTeamCountry "HUN"]

1. c4 Nf6 2. Nf3 g6 3. g3 Bg7 4. Bg2 d6 5. Nc3 0-0 6. Rb1 a5 7. a3 e5 8. d3 h6 9. b4 axb4 10. axb4 Nh7 11. 0-0 Be6 12. Bb2 f5 13. Ra1 Rxa1 14. Qxa1 Nc6 15. b5 Ne7 16. Nd2 Qc8 17. Qa7 b6 18. Ra1 Nf6 19. Qb7 d5 20. Ra7 Qxb7 21. Rxb7 Rc8 22. Ba3 d4 23. Na4 Ra8 24. Bxe7 Rxa4 25. Rxc7 Ra2 26. Nf3 Nd7 27. Kf1 g5 28. Ne1 e4 29. Bd6 Bf6 30. Rc8+ Kf7 31. dxe4 d3 32. exd3 Bd4 33. Nf3 Bc3 34. Bh1 fxe4 35. Nxg5+ hxg5 36. h4 exd3 37. hxg5 Bh3+ 38. Kg1 Ra1+ 39. Kh2 Rxh1+ 0-1

[Event "HUN-chT 1112"]
[Site "Hungary"]
[Date "2012.05.20"]
[Round "11"]
[White "Kovacs, Adrian"]
[Black "Galyas, Miklos"]
[Result "1/2-1/2"]
[WhiteElo "2233"]
[BlackElo "2458"]
[PlyCount "82"]
[EventDate "2011.09.25"]
[EventType "team-tourn"]
[EventRounds "11"]
[EventCountry "HUN"]
[SourceTitle "EXT 2013"]
[Source "ChessBase"]
[SourceDate "2012.11.22"]
[SourceVersion "1"]
[SourceVersionDate "2012.11.22"]
[SourceQuality "1"]
[WhiteTeam "Toth Laszlo"]
[BlackTeam "Aquaprofit"]
[WhiteTeamCountry "HUN"]
[BlackTeamCountry "HUN"]

1. Nf3 Nf6 2. c4 g6 3. g3 Bg7 4. Bg2 0-0 5. Nc3 d6 6. Rb1 e5 7. b4 Re8 8. 0-0 h6 9. d3 e4 10. dxe4 Nxe4 11. Nxe4 Rxe4 12. c5 Nc6 13. cxd6 Bf5 14. Nd2 Re8 15. e4 Be6 16. dxc7 Qxc7 17. Qc2 Rac8 18. Bb2 Nd4 19. Qxc7 Rxc7 20. Nb3 Bxb3 21. axb3 Rc2 22. Ba1 b5 23. Rfe1 Nc6 24. Bxg7 Kxg7 25. Ra1 Re7 26. Bf1 Rb2 27. Re3 Nxb4 28. Rd1 a6 29. Bh3 Rc2 30. Rd7 Rxd7 31. Bxd7 Rc1+ 32. Kg2 Nc2 33. Re2 Nd4 34. Ra2 Nxb3 35. Rxa6 Nc5 36. Ra7 b4 37. Bc6 b3 38. Bd5 g5 39. Rxf7+ Kg6 40. e5 Rd1 41. Bc4 b2 1/2-1/2

[Event "HUN-chT2 Toth 1112"]
[Site "Hungary"]
[Date "2012.02.19"]
[Round "6.1"]
[White "Kovacs, Adrian"]
[Black "Csikos, Mihaly"]
[Result "1-0"]
[WhiteElo "2233"]
[BlackElo "2040"]
[PlyCount "79"]
[EventDate "2011.09.25"]
[EventType "team-tourn"]
[EventRounds "11"]
[EventCountry "HUN"]
[SourceTitle "EXT 2013"]
[Source "ChessBase"]
[SourceDate "2012.11.22"]
[SourceVersion "1"]
[SourceVersionDate "2012.11.22"]
[SourceQuality "1"]
[WhiteTeam "Toth Laszlo"]
[BlackTeam "Roszke II"]
[WhiteTeamCountry "HUN"]
[BlackTeamCountry "HUN"]

1. c4 e6 2. Nf3 d5 3. g3 Nf6 4. Bg2 c6 5. b3 Bd6 6. Bb2 0-0 7. 0-0 Nbd7 8. d4 b6 9. Nbd2 Qe7 10. Re1 Ba3 11. Qc1 Bxb2 12. Qxb2 Bb7 13. e4 dxe4 14. Nxe4 Nxe4 15. Rxe4 c5 16. Re2 cxd4 17. Nxd4 Bxg2 18. Kxg2 Qc5 19. Rd1 Nf6 20. f3 Rad8 21. Red2 a6 22. Rd3 Rd6 23. Ne2 Rxd3 24. Rxd3 e5 25. Nc3 b5 26. cxb5 axb5 27. Qd2 Qc6 28. Rd6 Qa8 29. b4 e4 30. Rxf6 gxf6 31. Nxe4 Kg7 32. g4 Rd8 33. Qb2 Qc6 34. g5 Rd3 35. gxf6+ Kh6 36. Qe5 Rd5 37. Qf4+ Kg6 38. Qg4+ Kh6 39. Qg7+ Kh5 40. Qxh7# 1-0

[Event "HUN-chT 1112"]
[Site "Hungary"]
[Date "2011.10.30"]
[Round "2"]
[White "Kovacs, Adrian"]
[Black "Erdelyi, Zombor"]
[Result "0-1"]
[WhiteElo "2233"]
[BlackElo "2319"]
[PlyCount "154"]
[EventDate "2011.09.25"]
[EventType "team-tourn"]
[EventRounds "11"]
[EventCountry "HUN"]
[SourceTitle "EXT 2012"]
[Source "ChessBase"]
[SourceDate "2011.11.24"]
[SourceVersion "1"]
[SourceVersionDate "2011.11.24"]
[SourceQuality "1"]
[WhiteTeam "Toth Laszlo"]
[BlackTeam "Penzugyor"]
[WhiteTeamCountry "HUN"]
[BlackTeamCountry "HUN"]

1. c4 Nf6 2. Nf3 g6 3. g3 Bg7 4. Bg2 0-0 5. Nc3 d5 6. cxd5 Nxd5 7. Qb3 Nb6 8. d3 Nc6 9. Bf4 Bg4 10. Qd1 Qc8 11. h3 Bd7 12. Qd2 Rd8 13. Rc1 Bf5 14. Qe3 Qd7 15. Bh6 Bh8 16. h4 Qe6 17. h5 Qxe3 18. Bxe3 Bd7 19. Ng5 Be8 20. Nge4 Rab8 21. Bf4 Be5 22. hxg6 hxg6 23. Bg5 f6 24. Be3 Bf7 25. Bc5 Nd5 26. Ba3 Ncb4 27. Nxd5 Nxd5 28. e3 c6 29. Ke2 Kg7 30. f4 Bc7 31. b3 Bb6 32. Nc5 a5 33. d4 Bxc5 34. Bxc5 Re8 35. Bxd5 Bxd5 36. Rh2 Rh8 37. Rf2 Kf7 38. Bb6 Ra8 39. Kd3 Rh3 40. Rg1 a4 41. Rb2 axb3 42. axb3 f5 43. Kc3 Rah8 44. Ra2 Rh2 45. Rxh2 Rxh2 46. g4 fxg4 47. Rxg4 Rh3 48. Kd3 Bxb3 49. Rg1 Rh2 50. Bc5 b5 51. Ra1 Ba4 52. Bb4 Rb2 53. Bd2 Rb3+ 54. Ke4 Kf6 55. Be1 Rb2 56. Bc3 Bc2+ 57. Kf3 Rb3 58. Be1 Kf5 59. Ra2 Bd1+ 60. Kf2 Ke4 61. Bd2 Kd3 62. Bc1 Bc2 63. Ra6 Rb1 64. Ba3 b4 65. Bxb4 Rxb4 66. Rxc6 Rb2 67. Rxg6 Bb3+ 68. Kg3 Kxe3 69. f5 Bd5 70. Ra6 Kxd4 71. f6 e5 72. Rd6 e4 73. Rd8 Ke5 74. Rd7 Rb3+ 75. Kg2 Rb6 76. Kf2 Rxf6+ 77. Ke1 Kd4 0-1

[Event "HUN-chT2 Maroczy 1011"]
[Site "Hungary"]
[Date "2010.11.21"]
[Round "6"]
[White "Kovacs, Adrian"]
[Black "Virag, Attila Aba"]
[Result "1/2-1/2"]
[WhiteElo "2263"]
[BlackElo "2209"]
[PlyCount "104"]
[EventDate "2010.09.12"]
[EventType "team-tourn"]
[EventRounds "11"]
[EventCountry "HUN"]
[SourceTitle "EXT 2012"]
[Source "ChessBase"]
[SourceDate "2011.11.24"]
[SourceVersion "1"]
[SourceVersionDate "2011.11.24"]
[SourceQuality "1"]
[WhiteTeam "TLSE"]
[BlackTeam "Miskolc EMSE"]
[WhiteTeamCountry "HUN"]
[BlackTeamCountry "HUN"]

1. c4 e5 2. g3 f5 3. Bg2 Nf6 4. Nc3 Be7 5. d3 0-0 6. Nf3 d6 7. Rb1 c6 8. b4 Kh8 9. Qb3 Na6 10. Ba3 Nc7 11. 0-0 Qe8 12. b5 c5 13. Bc1 Ne6 14. Qd1 Qh5 15. e3 g5 16. Ne1 g4 17. f4 gxf3 18. Bxf3 Ng4 19. Bxg4 fxg4 20. Rxf8+ Bxf8 21. h4 Ng7 22. e4 Ne6 23. Nc2 Bd7 24. Qe2 Bg7 25. Bd2 Rf8 26. Rf1 Rf3 27. Kg2 Rxf1 28. Qxf1 Qg6 29. Nd5 Nf8 30. Nce3 Be6 31. Nf5 Nd7 32. Nde3 Bf8 33. Qd1 h5 34. Qa4 Bh6 35. Nxd6 Bxe3 36. Bxe3 Bd5 37. cxd5 Qxd6 38. Qc2 a6 39. bxa6 Qxa6 40. Bf2 Qf6 41. Qe2 b5 42. Kg1 Qa6 43. Be3 c4 44. d4 Kg8 45. Qb2 Qa5 46. Bd2 Qb6 47. Bc3 Nf6 48. a4 Nxe4 49. axb5 Nxc3 50. Qxc3 Qxb5 51. dxe5 Qxd5 52. Qe3 Kf7 1/2-1/2

[Event "HUN-chT2 Maroczy 1011"]
[Site "Hungary"]
[Date "2010.11.07"]
[Round "5"]
[White "Hajbok, Robert"]
[Black "Kovacs, Adrian"]
[Result "1/2-1/2"]
[WhiteElo "2261"]
[BlackElo "2263"]
[PlyCount "61"]
[EventDate "2010.09.12"]
[EventType "team-tourn"]
[EventRounds "11"]
[EventCountry "HUN"]
[SourceTitle "EXT 2012"]
[Source "ChessBase"]
[SourceDate "2011.11.24"]
[SourceVersion "1"]
[SourceVersionDate "2011.11.24"]
[SourceQuality "1"]
[WhiteTeam "Nyiregyhaza"]
[BlackTeam "TLSE"]
[WhiteTeamCountry "HUN"]
[BlackTeamCountry "HUN"]

1. d4 Nf6 2. Nf3 c5 3. e3 g6 4. dxc5 Qa5+ 5. Nbd2 Bg7 6. a3 Qxc5 7. b4 Qc7 8. Bb2 0-0 9. c4 b6 10. Be2 Bb7 11. 0-0 d6 12. Rc1 Nbd7 13. Qb3 Rac8 14. Rfd1 Qb8 15. Nd4 Rfd8 16. Bf3 Ne5 17. Bxb7 Qxb7 18. N2f3 Ned7 19. b5 Nc5 20. Qc2 Qe4 21. Nc6 Rd7 22. Bd4 Qxc2 23. Rxc2 Ne6 24. a4 Nd8 25. Nb4 Nb7 26. Rdc1 Na5 27. Nd2 Ng4 28. h3 Nf6 29. Kf1 Ne8 30. Ke2 Nc7 31. Nd5 1/2-1/2

[Event "HUN-chT2 Maroczy 0910"]
[Site "Hungary"]
[Date "2010.03.21"]
[Round "8"]
[White "Linczer, Janos"]
[Black "Kovacs, Adrian"]
[Result "0-1"]
[WhiteElo "2244"]
[BlackElo "2269"]
[PlyCount "78"]
[EventDate "2009.11.08"]
[EventType "team-tourn"]
[EventRounds "11"]
[EventCountry "HUN"]
[SourceTitle "EXT 2011"]
[Source "ChessBase"]
[SourceDate "2010.11.26"]
[SourceVersion "1"]
[SourceVersionDate "2010.11.26"]
[SourceQuality "1"]
[WhiteTeam "Maroczy"]
[BlackTeam "TLSE"]
[WhiteTeamCountry "HUN"]
[BlackTeamCountry "HUN"]

1. e4 c5 2. Nf3 e6 3. d4 cxd4 4. Nxd4 a6 5. c4 Nf6 6. Bd3 d6 7. Nc3 Nbd7 8. 0-0 Be7 9. Be3 Qc7 10. Rc1 b6 11. f3 Bb7 12. b3 Rc8 13. Nde2 Qb8 14. Ng3 Bd8 15. Qd2 Bc7 16. Qf2 Bc6 17. Rfe1 0-0 18. Bf1 Kh8 19. b4 Bb7 20. Na4 Ba8 21. c5 b5 22. c6 Bxc6 23. Rxc6 Qb7 24. Rc2 bxa4 25. Rb1 d5 26. Rxc7 Rxc7 27. exd5 Nxd5 28. Bd4 e5 29. Ba1 f6 30. Nf5 g6 31. Nd6 Qc6 32. Ne4 Rfc8 33. b5 axb5 34. Bxb5 Rb8 35. Qe2 Qb6+ 36. Kf1 Ne3+ 37. Kf2 Rc2 38. Nd2 Nc4+ 39. Kg3 Rxd2 0-1

[Event "HUN-chT2 Maroczy 0910"]
[Site "Hungary"]
[Date "2010.02.28"]
[Round "7"]
[White "Doros, Radu Marian"]
[Black "Kovacs, Adrian"]
[Result "1-0"]
[WhiteElo "2238"]
[BlackElo "2269"]
[PlyCount "53"]
[EventDate "2009.11.08"]
[EventType "team-tourn"]
[EventRounds "11"]
[EventCountry "HUN"]
[SourceTitle "EXT 2011"]
[Source "ChessBase"]
[SourceDate "2010.11.26"]
[SourceVersion "1"]
[SourceVersionDate "2010.11.26"]
[SourceQuality "1"]
[WhiteTeam "Nyiregyhaza"]
[BlackTeam "TLSE"]
[WhiteTeamCountry "HUN"]
[BlackTeamCountry "HUN"]

1. e4 c5 2. Nf3 e6 3. d4 cxd4 4. Nxd4 a6 5. Be2 Nf6 6. Nc3 Bb4 7. Qd3 Qc7 8. 0-0 Nc6 9. Kh1 Bc5 10. Nxc6 dxc6 11. f4 0-0 12. e5 Nd5 13. Ne4 Be7 14. a3 c5 15. c4 Nb6 16. Qg3 f5 17. exf6 Bxf6 18. Nxf6+ Rxf6 19. Bd2 a5 20. Bc3 Rg6 21. Qe3 Bd7 22. Bd3 Rh6 23. Be5 Qc6 24. Qg3 g6 25. Qg5 Rh5 26. Qf6 Rxe5 27. fxe5 1-0

[Event "HUN-chT2 Maroczy 0910"]
[Site "Hungary"]
[Date "2009.11.08"]
[Round "1"]
[White "Kovacs, Adrian"]
[Black "Torok, Sandor"]
[Result "1-0"]
[WhiteElo "2269"]
[BlackElo "2276"]
[PlyCount "41"]
[EventDate "2009.11.08"]
[EventType "team-tourn"]
[EventRounds "11"]
[EventCountry "HUN"]
[SourceTitle "EXT 2011"]
[Source "ChessBase"]
[SourceDate "2010.11.26"]
[SourceVersion "1"]
[SourceVersionDate "2010.11.26"]
[SourceQuality "1"]
[WhiteTeam "TLSE"]
[BlackTeam "Vasas"]
[WhiteTeamCountry "HUN"]
[BlackTeamCountry "HUN"]

1. c4 Nf6 2. Nf3 e6 3. g3 c5 4. Bg2 Nc6 5. Nc3 Be7 6. 0-0 0-0 7. d4 cxd4 8. Nxd4 Ne8 9. Bf4 a6 10. Rc1 Bf6 11. Nb3 d6 12. Qd2 Na5 13. Nxa5 Qxa5 14. Rfd1 Qb4 15. b3 Qa3 16. Ne4 Be7 17. Nc3 Rb8 18. Be3 Bf6 19. c5 d5 20. Nb1 Qb2 21. Rc2 1-0

[Event "HUN-chT2 Toth 0809"]
[Site "Hungary"]
[Date "2009.01.25"]
[Round "6.3"]
[White "Kovacs, Adrian"]
[Black "Jozaf, Csaba"]
[Result "1-0"]
[WhiteElo "2247"]
[BlackElo "1945"]
[PlyCount "115"]
[EventDate "2008.10.26"]
[EventType "team-tourn"]
[EventRounds "11"]
[EventCountry "HUN"]
[SourceTitle "EXT 2010"]
[Source "ChessBase"]
[SourceDate "2010.11.25"]
[SourceVersion "1"]
[SourceVersionDate "2010.11.25"]
[SourceQuality "1"]
[WhiteTeam "Toth Laszlo"]
[BlackTeam "Mezobereny"]
[WhiteTeamCountry "HUN"]
[BlackTeamCountry "HUN"]

1. c4 Nf6 2. Nf3 g6 3. g3 Bg7 4. Bg2 c5 5. Nc3 Nc6 6. d4 cxd4 7. Nxd4 0-0 8. Nc2 d6 9. 0-0 Bd7 10. b3 a6 11. Bb2 Rb8 12. Qd2 Qa5 13. e4 h5 14. Ne3 Ne5 15. Rad1 Rfe8 16. Kh1 Neg4 17. h3 Nxe3 18. Qxe3 b5 19. e5 dxe5 20. Qxe5 Nh7 21. Qe3 Be6 22. cxb5 axb5 23. Rd2 b4 24. Ne4 Bxb2 25. Rxb2 Qe5 26. Rc2 Rec8 27. f4 Qf5 28. Rfc1 Nf6 29. Nxf6+ Qxf6 30. Rxc8+ Rxc8 31. Rxc8+ Bxc8 32. Qc5 Qc3 33. Qxe7 Be6 34. Kh2 Qd2 35. Qe8+ Kh7 36. Qa8 Qf2 37. h4 Qc2 38. Qa5 Qd2 39. a3 Bxb3 40. Qxb4 Qc2 41. Qe4 Qa2 42. Qa8 Qc2 43. Qc6 Qa2 44. Qc5 Be6 45. Qd6 Bg4 46. Qd3 Be6 47. Qd6 Qc2 48. Qc6 Qd1 49. a4 Bd7 50. Qd5 Qxa4 51. Qxf7+ Kh6 52. Qf6 Kh7 53. Qe7+ Kh6 54. Qe5 Kh7 55. Be4 Qa2+ 56. Kh1 Qf7 57. Qxh5+ Kg7 58. Qe5+ 1-0

[Event "HUN-chT2 Toth 0809"]
[Site "Hungary"]
[Date "2008.10.26"]
[Round "1.3"]
[White "Kovacs, Adrian"]
[Black "Kerekes, Attila"]
[Result "1-0"]
[WhiteElo "2247"]
[BlackElo "2175"]
[PlyCount "95"]
[EventDate "2008.10.26"]
[EventType "team-tourn"]
[EventRounds "11"]
[EventCountry "HUN"]
[SourceTitle "EXT 2010"]
[Source "ChessBase"]
[SourceDate "2010.11.25"]
[SourceVersion "1"]
[SourceVersionDate "2010.11.25"]
[SourceQuality "1"]
[WhiteTeam "Toth Laszlo"]
[BlackTeam "Bekes"]
[WhiteTeamCountry "HUN"]
[BlackTeamCountry "HUN"]

1. c4 c5 2. Nc3 Nf6 3. Nf3 d5 4. cxd5 Nxd5 5. g3 Nc6 6. Bg2 Nc7 7. a3 e5 8. b4 a6 9. bxc5 Bxc5 10. Ne4 Be7 11. Bb2 f6 12. Rc1 Ne6 13. 0-0 0-0 14. d3 Bd7 15. Qb3 Kh8 16. Bc3 Rb8 17. Rfd1 f5 18. Ned2 Ned4 19. Nxd4 exd4 20. Bb2 Bf6 21. Re1 Re8 22. Qd5 Qe7 23. e4 Be6 24. Qc5 Ne5 25. Qxe7 Rxe7 26. Bf1 Rd7 27. f4 Ng4 28. e5 Be7 29. Nf3 Rbd8 30. h3 Ne3 31. Nxd4 Rxd4 32. Rxe3 R4d7 33. d4 Bd5 34. Bg2 Kg8 35. Bxd5+ Rxd5 36. Rc7 R5d7 37. Rc2 Kf8 38. g4 g6 39. gxf5 gxf5 40. Kf1 Rd5 41. Rb3 R8d7 42. Rc8+ Kf7 43. Rb6 Kg7 44. a4 Ra5 45. e6 Rd8 46. Rc7 Kf8 47. Rbxb7 Re8 48. Rxe7 1-0